ბათუმის შოთა რუსთაველის სახელმწიფო უნივერსიტეტის ბიბლიოთეკა

Справочник мастера-строителя газопроводов. (ბიბ.ჩანაწერი № 47827)

000 -LEADER
fixed length control field 00743nam a2200217Ia 4500
001 - CONTROL NUMBER
control field 14701
003 - CONTROL NUMBER IDENTIFIER
control field GE_BSU
008 - FIXED-LENGTH DATA ELEMENTS--GENERAL INFORMATION
fixed length control field 181216s||||||||xx |||||||||||||| ||und||
040 ## - CATALOGING SOURCE
Transcribing agency GE_BSU
080 ## - UNIVERSAL DECIMAL CLASSIFICATION NUMBER
Universal Decimal Classification number 622.691.4(035.3)
100 ## - MAIN ENTRY--PERSONAL NAME
Personal name Седлуха,Г.А. Фридман,О.М.
245 ## - TITLE STATEMENT
Title Справочник мастера-строителя газопроводов.
245 ## - TITLE STATEMENT
Statement of responsibility, etc. Науч. ред. А.А.Блоштеин.
250 ## - EDITION STATEMENT
Edition statement Изд. 2-е, перераб. и доп.
260 ## - PUBLICATION, DISTRIBUTION, ETC.
Place of publication, distribution, etc. Л.
260 ## - PUBLICATION, DISTRIBUTION, ETC.
Name of publisher, distributor, etc. Недра.
260 ## - PUBLICATION, DISTRIBUTION, ETC.
Date of publication, distribution, etc. 1974.
300 ## - PHYSICAL DESCRIPTION
Extent 320 стр. с илл. 21 см. Библиогр.: стр. 317-318.
653 ## - INDEX TERM--UNCONTROLLED
Uncontrolled term Справочник мастера-строителя газопроводов.
942 ## - ADDED ENTRY ELEMENTS (KOHA)
Koha item type წიგნი

არაა ხელმისაწვდომი ეგზემპლარები.